000 00700nam a2200289Ia 4500
005 20260324131533.0
008 008 260324s9999 xx 000 0 eng d
020 _a9780203012307
037 _aEBOOK
040 _aCRL
040 _beng
040 _cCRL
041 _2eng
041 _aeng
084 _qCRL
100 _aHew Strachan
_91185877
245 0 _aBig Wars and Small Wars
245 4 _bThe British Army and the Lessons of War in the 20th Century
260 _bTaylor and Francis
260 _c2006
365 _a
365 _b290
856 _uhttp://www.taylorfrancis.com/books/9780203012307
942 _cEBOOK
999 _c1783140
_d1783140